00894 2200289 4500001002100000005001500021035002000036007000300056008004100059020002200100082001200122084001400134100003800148245011700186300002900303650002200332504003300354264003400387336002100421337003000442338002300472040002200495850001200517250003500529990002000564990002000584INLIS00000000087275620220908105000 a0010-0922000284ta220908s2021 jbi g 000 0 ind d a978-623-231-557-004223a354 a354 MUH p0 aMuhammad Mu'iz RaharjoePengarang10aPokok-pokok dan sistem pemerintahan desa :bteori, regulasi, dan implementasi /cpenulis, Muhammad Mu'iz Raharjo axl, 446 halaman ;c23 cm 4aPemerintahan Desa aBibliografi: halaman 431-44131aDepok :bRajawali Pers,c2021 2rdacontentateks 2rdamediaatanpa perantara 2rdacarrieravolume aYOPDYOGbinderda aYOPDYOG aCetakan Pertama : Januari 2021 a46132-PD/B.2022 a46133-PD/B.2022